Somos pequeños en el Universo.

Guardado en:
Formato: Deslizar
Series:Mirando el cielo
Materias:
Etiquetas: Agregar Etiqueta
Sin Etiquetas, Sea el primero en etiquetar este registro!
LEADER 01037ngm a22002895g 4500
001 CEM.cems022566
008 130507b2001##################0###0#####d
005 20241107182852.0
245 0 0 |a Somos pequeños en el Universo. 
300 |a 27'. 
490 0 |a Mirando el cielo 
500 |a En soporte VHS, consultar en ventanilla. 
505 0 |a Unidades de medida utilizadas en Astronomía. Distancias en el Sistema Solar y entre las estrellas. El año luz. El Sol: calendario solar. Relojes de sol. Movimientos cíclicos en las estrellas. Día sideral. 
538 |a Soporte: VHS - Norma: Pal N - Color: Si - Grabación DRD 2001 - Hitachi=2405 
082 5 2 |/ ATC 
653 |a ASTRONOMIA 
653 |a GALAXIAS 
653 |a SISTEMA SOLAR 
653 |a ESTRELLAS 
653 |a DIA SIDERAL 
653 |a CALENDARIO SOLAR 
653 |a AÑO LUZ 
653 |a RELOJES DE SOL 
653 |a UNIVERSO 
653 |a NIVEL PRIMARIO 
653 |a NIVEL SECUNDARIO 
859 |a CEMS  |b BIB. CEMS - Depto. Recursos Didacticos  |h 520  |i ATC  |k DRD  |p 1209.12  |t Ej.1